000 00661cab a2200241 4500
001 WB3125-33
008 090401t1995 xxu||||| |||| 00| 0 eng d
035 _a(Sirsi) u15315
041 _aeng
245 _aFrench bank collapses
260 _c1995
350 _a0
490 _aEuropean
_v30 June 1995, 6(1)
520 _aThe French property crash is mainly responsible for the collapse of Banque Pallas-Stern.
650 _aBANK LENDING
650 _aBANQUE PALLAS-STERN
650 _aFRANCE
650 _aPROPERTY CRASH
690 _aPROPERTY-PROPERTY FINANCE AND INVESTMENT
690 _aOVERSEAS-EUROPE
942 _n0
948 _c04/03/1997
999 _c10027
_d10027